00906cam a2200265 i 4500001000300000003000900003005001700012008003900029015001800068020001500086040003500101080000800136080001600144100004700160245008400207250001300291260004300304300003300347504001200380655005000392650002500442710003400467700004100501856009800542bgKOSZ 00520200408130907.0011026s2002 pl a f f |001 0 pol aPB 2002/11227 a8301014601 aWA NcKOSZ 005/HRdKOSZ 005/HR a517 a(075.8+076)1 aKrysicki, Włodzimierzd(1905-2001)eAutor10aAnaliza matematyczna w zadaniach.n1 /cWłodzimierz Krysicki, Lech Włodarski. aWyd. 29. aWarszawa :bWydaw. Naukowe PWN,c2002. a510, [2] s. :bil. ;c24 cm. aIndeks. 4aĆwiczenia i zadania dla szkół wyższych 4aAnaliza matematyczna2 aWydawnictwo Naukowe PWN4pbl.1 aWłodarski, Lechd(1916-1997)eAutor uhttp://koha.tu.koszalin.pl/cgi-bin/koha/opac-detail.pl?biblionumber=51619yKatalog online BPK